Bayern Munich, Borussia Dortmund or Bayer Leverkusen players (2000-) - Statistics

General Stats
  • This quiz has been taken 66 times
  • The average score is 179 of 608
Answer Stats
Ranking Player Positions Nationality Matches Goals (assists) Periods Clubs % Correct
1 Thomas Müller CF 666 207 (245) 2008-2025
100%
2 Mats Hummels CB 551 40 (27) 2006-2024
97%
3 Robert Lewandowski ST 496 399 (101) 2010-2022
97%
4 Manuel Neuer GK 495 0 (1) 2011-2025
93%
5 Philipp Lahm RB 447 13 (60) 2002-2003, 2005-2017
90%
14 Franck Ribéry LW 371 107 (155) 2007-2019
83%
15 Jonathan Tah CB 368 15 (13) 2015-2025
83%
26 Mario Götze AM 301 71 (80) 2009-2020
83%
212 Min-jae Kim CB 74 4 (2) 2023-2025
83%
33 Arjen Robben RW 271 124 (80) 2009-2019
80%
6 Bastian Schweinsteiger CM 443 57 (89) 2002-2015
80%
11 Joshua Kimmich DM 391 41 (103) 2015-2025
80%
7 Julian Brandt AM 440 77 (102) 2013-2025
80%
44 Leon Goretzka CM 238 41 (44) 2018-2025
80%
13 David Alaba CB 372 27 (46) 2009-2021
77%
23 Jérôme Boateng CB 314 9 (21) 2011-2021
77%
422 Kevin-Prince Boateng AM 10 0 (2) 2008-2009
77%
28 Kingsley Coman LW 296 63 (64) 2015-2025
77%
61 Leroy Sané RW 204 56 (51) 2020-2025
77%
12 Marco Reus AM 382 149 (116) 2012-2024
77%
18 Oliver Kahn GK 326 0 (2) 2000-2008
77%
62 Alphonso Davies LB 203 12 (31) 2018-2025
73%
141 Dante CB 114 3 (6) 2012-2016
73%
173 Harry Kane ST 88 81 (24) 2023-2025
73%
69 Jamal Musiala AM 185 52 (37) 2019-2025
73%
92 Mario Gómez ST 154 98 (21) 2009-2013
73%
122 Miroslav Klose ST 128 38 (21) 2007-2011
73%
91 Patrik Schick ST 154 73 (11) 2020-2025
73%
68 Pierre-Emerick Aubameyang ST 186 121 (27) 2013-2018
73%
56 Roman Bürki GK 215 0 (0) 2015-2022
73%
39 Serge Gnabry LW 251 86 (50) 2018-2025
73%
513 Sergio Gómez LW 3 0 (0) 2017-2019
73%
43 Arturo Vidal CM 239 35 (32) 2007-2010, 2015-2018
70%
31 Claudio Pizarro ST 286 105 (44) 2001-2006, 2012-2015
70%
109 Dayot Upamecano CB 138 4 (9) 2021-2025
70%
435 Domagoj Vida CB 9 0 (0) 2010-2011
70%
52 Emre Can DM 228 21 (15) 2012-2013, 2019-2025
70%
96 Gregor Kobel GK 152 0 (0) 2021-2025
70%
100 Jadon Sancho LW 146 46 (60) 2017-2020, 2023-2024
70%
49 Javi Martínez CB 231 11 (10) 2012-2021
70%
135 Jude Bellingham AM 117 20 (23) 2020-2023
70%
34 Lukas Hradecky GK 269 0 (0) 2018-2025
70%
126 Marcel Sabitzer CM 125 8 (10) 2021-2025
70%
10 Roman Weidenfeller GK 409 0 (1) 2002-2018
70%
145 Eric-Maxim Choupo-Moting ST 111 28 (7) 2020-2024
67%
195 Erling Haaland ST 80 77 (21) 2019-2022
67%
117 Giovanni Reyna AM 134 15 (17) 2019-2025
67%
174 Granit Xhaka DM 87 5 (9) 2023-2025
67%
74 Jeremie Frimpong RB 175 27 (40) 2020-2025
67%
17 Lukasz Piszczek RB 335 18 (52) 2010-2021
67%
265 Michael Olise RW 48 17 (20) 2024-2025
67%
70 Shinji Kagawa AM 184 47 (44) 2010-2011, 2014-2019
67%
177 Sven Ulreich GK 87 0 (1) 2015-2019, 2021-2025
67%
63 Thiago Alcántara CM 201 25 (33) 2013-2020
67%
55 Toni Kroos CM 220 30 (56) 2007-2014
67%
354 Yann Sommer GK 23 0 (0) 2022-2023
67%
175 Alejandro Grimaldo LB 87 16 (28) 2023-2025
63%
516 Cedric van der Gun ST 3 0 (1) 2005-2006
63%
133 Christian Pulisic RW 118 15 (22) 2015-2019
63%
130 Donyell Malen RW 121 37 (17) 2021-2025
63%
60 Edmond Tapsoba CB 207 6 (4) 2019-2025
63%
71 Florian Wirtz AM 182 53 (60) 2019-2025
63%
134 Henrikh Mkhitaryan CM 118 27 (42) 2013-2016
63%
154 Juan Bernat LB 101 5 (10) 2014-2018
63%
24 Lars Bender DM 314 23 (31) 2009-2021
63%
105 Manuel Akanji CB 143 4 (1) 2017-2022
63%
136 Nico Schlotterbeck CB 116 6 (16) 2022-2025
63%
47 Niklas Süle CB 235 10 (8) 2017-2025
63%
50 Rafinha RB 230 6 (27) 2011-2019
63%
35 Raphaël Guerreiro LB 263 48 (51) 2016-2025
63%
9 Stefan Kießling ST 410 143 (66) 2006-2018
63%
21 Sven Bender DM 319 9 (9) 2009-2021
63%
152 Xabi Alonso DM 104 8 (9) 2014-2017
63%
59 Daniel Van Buyten CB 207 25 (11) 2006-2014
60%
404 Danny da Costa CB 13 0 (3) 2010-2011, 2016-2017
60%
72 Dimitar Berbatov ST 182 76 (33) 2000-2006
60%
179 Douglas Costa RW 87 13 (30) 2015-2016, 2020-2021
60%
111 Kai Havertz ST 137 43 (30) 2016-2020
60%
194 Konrad Laimer RB 80 3 (7) 2023-2025
60%
162 Lucas Hernández LB 97 2 (7) 2019-2023
60%
25 Lúcio CB 303 29 (13) 2000-2009
60%
166 Lukas Podolski ST 94 23 (16) 2006-2009
60%
79 Mark van Bommel CM 166 15 (18) 2006-2011
60%
53 Martín Demichelis CB 227 15 (9) 2003-2011
60%
207 Mathys Tel ST 76 14 (7) 2022-2025
60%
38 Michael Ballack CM 254 83 (54) 2000-2005, 2010-2012
60%
85 Roy Makaay ST 161 95 (31) 2003-2007
60%
102 Benjamin Pavard CB 145 10 (12) 2019-2023
57%
161 Corentin Tolisso CM 97 18 (13) 2017-2022
57%
101 Exequiel Palacios CM 146 13 (16) 2019-2025
57%
158 Jamie Gittens LW 99 17 (13) 2021-2025
57%
476 Kenan Sahin ST 6 0 (0) 2003-2005
57%
19 Marcel Schmelzer LB 322 5 (32) 2008-2020
57%
230 Matthijs de Ligt CB 66 5 (2) 2022-2024
57%
37 Nuri Şahin DM 254 24 (47) 2005-2006, 2008-2010, 2012-2018
57%
283 Pascal Groß CM 43 1 (13) 2024-2025
57%
210 Thomas Meunier RB 74 3 (8) 2020-2024
57%
77 Tomas Rosicky AM 172 23 (41) 2000-2006
57%
268 Aleksandar Pavlovic DM 48 3 (3) 2023-2025
53%
269 Eric Dier CB 47 3 (1) 2023-2025
53%
153 Hakan Çalhanoğlu DM 103 23 (27) 2014-2017
53%
20 Hans Jörg Butt GK 320 9 (1) 2001-2006, 2008-2012
53%
184 Ivan Perišić LW 85 17 (13) 2011-2012, 2019-2020
53%
160 Karim Adeyemi RW 98 25 (16) 2022-2025
53%
58 Kevin Großkreutz RB 210 25 (32) 2009-2015
53%
103 Leon Bailey RW 145 34 (25) 2016-2021
53%
192 Luca Toni ST 81 51 (22) 2007-2010
53%
211 Mario Mandžukić ST 74 39 (13) 2012-2014
53%
45 Neven Subotic CB 236 16 (5) 2008-2015, 2017-2018
53%
67 Owen Hargreaves DM 186 5 (20) 2000-2007
53%
90 Piero Hincapié CB 155 7 (5) 2021-2025
53%
107 Robert Andrich DM 140 17 (11) 2021-2025
53%
146 Thorgan Hazard AM, LW 110 14 (19) 2019-2024
53%
258 Victor Boniface ST 54 28 (12) 2023-2025
53%
30 Zé Roberto LM 292 24 (82) 2000-2005, 2007-2009
53%
229 Adrián Ramos ST 67 17 (8) 2014-2017
50%
140 Anatoliy Tymoshchuk DM 114 6 (5) 2009-2013
50%
128 André Schürrle LW 123 27 (24) 2011-2012, 2016-2018
50%
32 Bernd Leno GK 280 0 (1) 2011-2018
50%
64 Charles Aránguiz CM 198 13 (27) 2015-2023
50%
8 Gonzalo Castro CM 436 37 (83) 2004-2018
50%
48 Hasan Salihamidzic RM 232 30 (43) 2000-2007
50%
201 Heung-min Son LW 78 24 (10) 2013-2016
50%
121 İlkay Gündoğan CM 131 11 (14) 2011-2016
50%
51 Jakub Blaszczykowski RW 229 30 (46) 2007-2015
50%
249 James Rodríguez AM 60 15 (18) 2017-2019
50%
167 Josip Stanisic RB 91 5 (8) 2020-2025
50%
36 Karim Bellarabi RW 260 45 (56) 2011-2012, 2014-2023
50%
262 Noussair Mazraoui RB 51 1 (8) 2022-2024
50%
232 Ramy Bensebaini LB 65 3 (7) 2023-2025
50%
272 Renato Sanches CM 47 2 (1) 2016-2017, 2018-2020
50%
280 Serhou Guirassy ST 44 34 (9) 2024-2025
50%
231 Xherdan Shaqiri AM 66 13 (12) 2012-2015
50%
228 Achraf Hakimi RB 67 11 (17) 2018-2020
47%
505 Alexander Nübel GK 3 0 (0) 2020-2021
47%
119 Axel Witsel CB 132 12 (6) 2018-2022
47%
125 Giovane Élber ST 127 67 (23) 2000-2004
47%
225 Giuseppe Reina RW 68 12 (9) 2000-2004
47%
216 Ivica Olic ST 72 22 (11) 2009-2012
47%
95 Julian Weigl DM 152 4 (0) 2015-2020
47%
110 Kerem Demirbay CM 137 13 (21) 2019-2023
47%
189 Kevin Kampl CM 82 6 (11) 2010-2011, 2014-2018
47%
180 Luiz Gustavo DM 86 6 (3) 2010-2013
47%
311 Marwin Hitz GK 34 0 (0) 2018-2022
47%
84 Moussa Diaby RW 161 45 (45) 2019-2023
47%
223 Nathan Tella RW 69 9 (10) 2023-2025
47%
46 Ömer Toprak CB 236 7 (6) 2011-2019
47%
284 Ousmane Dembélé RW 42 8 (18) 2016-2017
47%
521 Pepe Reina GK 3 0 (0) 2014-2015
47%
482 Pierre De Wit CM 5 0 (0) 2006-2007
47%
310 Sadio Mané LW 34 10 (6) 2022-2023
47%
293 Sébastien Haller ST 39 10 (6) 2022-2024
47%
41 Willy Sagnol RB 245 7 (44) 2000-2008
47%
81 Bixente Lizarazu LB 165 4 (12) 2000-2006
43%
307 Daniel Carvajal RB 34 1 (8) 2012-2013
43%
172 Hamit Altıntop RM 89 10 (12) 2007-2011
43%
89 Holger Badstuber CB 156 2 (11) 2009-2012, 2014-2017
43%
150 Jonas Hofmann AM 105 12 (23) 2012-2015, 2023-2025
43%
169 Julian Ryerson RB 90 7 (6) 2022-2025
43%
94 Lucas Alario ST 152 51 (14) 2017-2022
43%
124 Mahmoud Dahoud CM 127 5 (13) 2017-2023
43%
290 Maximilian Beier ST 41 9 (6) 2024-2025
43%
288 Niclas Füllkrug ST 42 15 (10) 2023-2024
43%
292 Niko Kovac DM 40 4 (1) 2001-2003
43%
165 Odilon Kossounou CB 96 1 (2) 2021-2024
43%
313 Philippe Coutinho AM 34 11 (9) 2019-2020
43%
65 Robert Kovac CB 192 1 (4) 2000-2004, 2007-2009
43%
83 Roque Santa Cruz ST 163 32 (16) 2000-2007
43%
379 Sacha Boey RB 18 0 (3) 2023-2025
43%
113 Samuel Kuffour CB 136 3 (3) 2000-2005
43%
138 Sidney Sam RW 115 30 (23) 2010-2014
43%
16 Simon Rolfes DM 348 46 (34) 2005-2015
43%
574 Steffen Hofmann AM 1 0 (0) 2001-2002
43%
301 Waldemar Anton CB 36 2 (3) 2024-2025
43%
433 Alexander Isak ST 9 0 (0) 2017-2018
40%
350 Andriy Yarmolenko RW 24 4 (6) 2017-2018
40%
337 Bouna Sarr RB 27 0 (1) 2020-2024
40%
218 Chicharito ST 71 34 (7) 2015-2017
40%
327 Ciro Immobile ST 30 7 (1) 2014-2015
40%
80 Jan Koller ST 165 71 (29) 2001-2006
40%
375 João Cancelo RB 19 1 (5) 2022-2023
40%
108 Julian Baumgartlinger DM 140 6 (5) 2016-2022
40%
116 Kevin Volland AM 135 46 (28) 2016-2020
40%
168 Lucas Barrios ST 91 40 (15) 2009-2012
40%
503 Marian Sarr CB 3 0 (0) 2013-2014
40%
171 Matthias Ginter CB 89 4 (10) 2014-2017
40%
285 Medhi Benatia CB 42 3 (2) 2014-2016
40%
114 Nadiem Amiri CM 136 10 (17) 2019-2024
40%
279 Paco Alcácer ST 44 24 (3) 2018-2020
40%
480 Ramazan Özcan GK 5 0 (0) 2016-2019
40%
326 Ryan Gravenberch DM 31 0 (0) 2022-2024
40%
199 Salih Özcan DM 79 0 (2) 2022-2025
40%
22 Sebastian Kehl DM 315 21 (22) 2001-2015
40%
78 Sokratis Papastathopoulos CB 168 10 (2) 2013-2018
40%
209 Adam Hlozek CF 75 10 (10) 2022-2024
37%
297 Aleix García CM 38 4 (4) 2024-2025
37%
206 Alex Frei ST 76 34 (18) 2006-2009
37%
120 Amine Adli LW 132 18 (18) 2021-2025
37%
461 Antonios Papadopoulos CB 7 0 (0) 2021-2024
37%
98 Christoph Metzelder CB 147 2 (7) 2000-2002, 2004-2007
37%
186 Dan-Axel Zagadou CB 84 4 (1) 2017-2022
37%
205 Danijel Pranjic LB 76 1 (9) 2009-2012
37%
445 Hiroki Ito CB 8 1 (0) 2024-2025
37%
355 Ian Maatsen LB 23 3 (2) 2023-2024
37%
143 Jens Lehmann GK 112 0 (1) 2000-2003
37%
412 Ju-ho Park LB 11 1 (1) 2015-2017
37%
287 Kyriakos Papadopoulos CB 42 4 (1) 2014-2016
37%
393 Landon Donovan ST 15 0 (1) 2004-2005, 2008-2009
37%
423 Malte Metzelder DM 10 0 (1) 2003-2004
37%
347 Massimo Oddo RB 25 0 (4) 2008-2009
37%
217 Michael Rensing GK 71 0 (1) 2003-2009, 2012-2013
37%
366 Pierre-Emile Højbjerg DM 20 0 (1) 2012-2015
37%
87 René Adler GK 160 0 (1) 2006-2011
37%
330 Sebastian Rudy DM 30 1 (4) 2017-2018
37%
257 Stefan Effenberg AM 54 8 (11) 2000-2002
37%
202 Thomas Delaney CM 78 4 (8) 2018-2022
37%
54 Wendell LB 226 7 (16) 2014-2021
37%
333 Yan Couto RB 29 0 (0) 2024-2025
37%
304 Abdou Diallo CB 35 1 (1) 2018-2019
33%
493 Álvaro Odriozola RB 4 0 (1) 2019-2020
33%
131 Andreas Ottl DM 120 5 (8) 2005-2011
33%
334 Arthur RB 29 0 (3) 2023-2025
33%
241 Carsten Jancker ST 62 14 (7) 2000-2002
33%
449 Chris Richards CB 8 0 (1) 2019-2022
33%
181 Christian Lell RB 86 2 (6) 2003-2004, 2006-2009
33%
213 Daley Sinkgraven LB 73 0 (4) 2019-2023
33%
27 Dedê LB 298 11 (43) 2000-2011
33%
391 Emre Mor RW 15 1 (2) 2016-2017
33%
190 Erik Durm RB 82 2 (10) 2013-2017
33%
118 Jens Jeremies DM 132 6 (7) 2000-2006
33%
358 João Palhinha DM 22 0 (0) 2024-2025
33%
398 Joshua Zirkzee ST 14 4 (1) 2019-2021
33%
66 Manuel Friedrich CB 187 15 (8) 2007-2014
33%
289 Marc Bartra CB 42 3 (5) 2016-2018
33%
147 Marius Wolf RB 110 5 (6) 2018-2019, 2021-2024
33%
88 Mehmet Scholl AM 159 32 (38) 2000-2007
33%
261 Nico Schulz LB 52 1 (3) 2019-2022
33%
388 Omar Richards LB 16 0 (0) 2021-2022
33%
291 Paolo Guerrero ST 40 12 (9) 2004-2006
33%
215 Paulo Sérgio RW 72 13 (4) 2000-2002
33%
252 Sami Hyypiä CB 58 3 (4) 2009-2011
33%
324 Sandro Wagner ST 32 9 (2) 2007-2008, 2017-2019
33%
282 Sardar Azmoun ST 43 5 (3) 2021-2023
33%
234 Sebastian Rode CM 64 5 (7) 2014-2017
33%
104 Thomas Linke CB 144 2 (3) 2000-2005
33%
57 Tranquillo Barnetta AM 213 24 (44) 2005-2012
33%
351 Alexander Meyer GK 24 0 (0) 2022-2025
30%
148 Andriy Voronin CF 109 36 (21) 2004-2007
30%
341 Anthony Modeste ST 26 2 (1) 2022-2023
30%
323 Antônio da Silva AM 32 1 (3) 2010-2012
30%
29 Bernd Schneider RM 294 42 (73) 2000-2009
30%
329 Breno CB 30 0 (0) 2007-2011
30%
362 Callum Hudson-Odoi LW 21 1 (1) 2022-2023
30%
492 Daley Blind CB 4 0 (0) 2022-2023
30%
389 Daniel Svensson LB 16 1 (3) 2024-2025
30%
390 Edson Braafheid LB 15 0 (0) 2009-2011
30%
123 Eren Derdiyok ST 128 30 (17) 2009-2011, 2013-2014
30%
149 Felipe Santana CB 106 8 (1) 2008-2013
30%
239 Felix Nmecha CM 63 7 (5) 2023-2025
30%
302 Jacob Bruun Larsen LW 36 3 (4) 2017-2020
30%
410 Jonas Urbig GK 12 0 (0) 2024-2025
30%
457 Julio dos Santos CM 7 0 (1) 2005-2007
30%
76 Lars Ricken AM 172 32 (40) 2000-2007
30%
540 Lukas Mai CB 2 0 (0) 2017-2018
30%
197 Márcio Amoroso ST 79 38 (12) 2001-2004
30%
227 Mitchel Bakker LB 68 5 (7) 2021-2023
30%
220 Mohamed Zidan CF 69 13 (9) 2008-2012
30%
200 Patrick Owomoyela RB 78 3 (12) 2008-2012
30%
308 Patrik Andersson CB 34 1 (2) 2000-2001
30%
214 Paulinho LW 73 9 (5) 2018-2023
30%
312 Reinier AM 34 1 (1) 2020-2022
30%
387 Thomas Kraft GK 16 0 (1) 2010-2011
30%
155 Tin Jedvaj CB 101 4 (3) 2014-2018, 2020-2021
30%
196 Ulf Kirsten ST 80 29 (11) 2000-2003
30%
294 Valérien Ismaël CB 39 1 (0) 2005-2007
30%
204 Admir Mehmedi CF 77 12 (11) 2015-2018
27%
164 Aleksandar Dragovic CB 96 4 (2) 2016-2021
27%
296 Ali Karimi AM 38 4 (4) 2005-2007
27%
500 Andrey Lunev GK 3 0 (0) 2021-2023
27%
42 Christian Wörns CB 243 13 (6) 2000-2008
27%
299 Christoph Kramer DM 38 0 (3) 2015-2016
27%
485 Daniel Peretz GK 5 0 (0) 2023-2025
27%
191 Ebi Smolarek ST 81 25 (15) 2004-2008
27%
238 Emir Spahic CB 63 3 (1) 2013-2015
27%
106 Ewerthon ST 142 50 (22) 2001-2005
27%
281 Felix Passlack RB 44 3 (3) 2015-2017, 2020-2023
27%
278 José Sosa AM 45 2 (3) 2007-2010
27%
251 Jürgen Kohler CB 58 0 (5) 2000-2002
27%
361 Marc Roca DM 21 0 (0) 2020-2022
27%
276 Maximilian Philipp CF 45 10 (4) 2017-2019
27%
443 Mikel Merino CM 8 0 (0) 2016-2017
27%
183 Mitchell Weiser RB 85 5 (8) 2013-2014, 2018-2021
27%
137 Nelson Valdez ST 115 16 (15) 2006-2010
27%
82 Oliver Neuville ST 165 44 (26) 2000-2004
27%
139 Renato Augusto CM 115 9 (23) 2008-2013
27%
222 Roberto Hilbert RB 69 1 (7) 2013-2017
27%
208 Sebastian Deisler RM 75 11 (16) 2002-2007
27%
317 Tim Borowski CM 33 6 (1) 2008-2009
27%
163 Torsten Frings DM 96 16 (15) 2002-2005
27%
520 Arijon Ibrahimovic AM 3 0 (0) 2022-2023, 2024-2025
23%
442 Benedikt Fernandez GK 8 0 (0) 2006-2009
23%
40 Carsten Ramelow DM 247 17 (14) 2000-2008
23%
193 David Odonkor RW 80 2 (8) 2001-2007
23%
247 Diego Contento LB 60 0 (4) 2009-2014
23%
236 Dominik Kohr CB 63 3 (5) 2011-2013, 2017-2019
23%
431 Gianluca Gaudino DM 9 0 (0) 2014-2015
23%
253 Giulio Donati RB 58 1 (3) 2013-2016
23%
115 Jens Nowotny DF 135 3 (4) 2000-2006
23%
343 Joel Pohjanpalo ST 25 7 (0) 2016-2017, 2019-2023
23%
86 Juan CB 160 14 (7) 2002-2007
23%
378 Juan Fernández RB 18 0 (2) 2002-2004
23%
266 Julian Schieber ST 48 4 (2) 2012-2014
23%
352 Julien Duranville LW 24 0 (1) 2022-2025
23%
529 Kwasi Wriedt ST 2 0 (0) 2017-2018, 2019-2020
23%
349 Matej Kovar GK 24 0 (0) 2023-2025
23%
237 Michael Tarnat LB 63 3 (8) 2000-2003
23%
331 Mladen Petric ST 29 13 (2) 2007-2008
23%
408 Nils Petersen ST 12 2 (0) 2011-2012
23%
588 Oliver Batista Meier AM 1 0 (0) 2019-2020
23%
348 Oliver Kirch DM 24 1 (1) 2012-2015
23%
300 Panagiotis Retsos CB 37 1 (3) 2017-2019, 2021-2022
23%
491 Takashi Usami CF 4 0 (0) 2011-2012
23%
339 Tanguy Nianzou CB 27 1 (1) 2020-2022
23%
332 Timothy Fosu-Mensah RB 29 0 (0) 2020-2023
23%
427 Tom Starke GK 10 0 (0) 2012-2013, 2016-2018
23%
371 Young-pyo Lee LB 20 0 (1) 2008-2009
23%
170 Youssoufa Moukoko ST 90 17 (7) 2020-2024
23%
504 Alexander Baumjohann AM 3 0 (1) 2009-2010
20%
221 Alexander Zickler ST 69 9 (3) 2000-2002, 2004-2005
20%
441 Arkadiusz Milik ST 8 0 (2) 2012-2013
20%
219 Benjamin Henrichs RB 70 0 (5) 2015-2019
20%
432 Borja Iglesias ST 9 0 (0) 2023-2024
20%
462 Bryan Zaragoza LW 7 0 (0) 2023-2024
20%
403 Carney Chukwuemeka CM 13 1 (0) 2024-2025
20%
274 Clemens Fritz RB 46 2 (2) 2003-2006
20%
129 Evanilson RB 122 4 (22) 2000-2005
20%
93 Florian Kringe CM 153 17 (15) 2004-2008, 2011-2012
20%
539 Franck Evina LW 2 0 (0) 2017-2018
20%
450 Gabriel Vidovic CF 8 0 (1) 2021-2022, 2024-2025
20%
428 Gustavo Puerta CM 10 0 (0) 2023-2024
20%
436 Jan Kirchhoff DM 9 0 (0) 2013-2014
20%
397 Jan Schlaudraff CF 14 0 (1) 2007-2008
20%
601 Jonathan Asp Jensen AM 1 0 (0) 2023-2024
20%
322 Josip Drmic ST 32 6 (1) 2014-2015
20%
551 Julian Koch DM 2 0 (0) 2009-2010
20%
411 Junior Fernandes LW 12 0 (3) 2012-2013
20%
448 Leonardo Balerdi CB 8 0 (0) 2019-2020
20%
336 Marcell Jansen LB 27 0 (1) 2007-2008
20%
335 Mateu Morey RB 28 0 (4) 2019-2020, 2023-2024
20%
419 Michaël Cuisance CM 11 1 (1) 2019-2022
20%
99 Michal Kadlec CB 146 10 (14) 2008-2013
20%
342 Milos Jojic CM 25 4 (1) 2013-2015
20%
273 Niclas Jensen LB 47 2 (7) 2003-2005
20%
401 Piotr Trochowski AM 13 1 (0) 2002-2004
20%
298 Robbie Kruse LW 38 2 (3) 2013-2017
20%
541 Sarpreet Singh AM 2 0 (0) 2019-2020
20%
224 Sebastian Boenisch LB 69 3 (10) 2012-2016
20%
552 Soumaïla Coulibaly CB 2 0 (0) 2022-2023
20%
346 Steven Pienaar LM 25 0 (1) 2006-2007
20%
246 Theofanis Gekas ST 60 15 (4) 2007-2010
20%
187 Thomas Brdaric ST 84 11 (11) 2000-2003
20%
546 Tiago Dantas CM 2 0 (0) 2020-2021
20%
157 Tinga CM 100 9 (11) 2006-2010
20%
384 Tobias Rau LB 16 0 (1) 2003-2005
20%
156 Yıldıray Baştürk AM 101 9 (19) 2001-2004
20%
413 Adnan Januzaj RW 11 0 (2) 2015-2016
17%
470 Andrés Guardado CM 6 0 (0) 2013-2014
17%
399 Angelos Charisteas ST 13 1 (0) 2008-2009
17%
547 Angelo Stiller DM 2 0 (0) 2020-2021
17%
506 Bernd Dreher GK 3 0 (0) 2000-2001, 2005-2007
17%
582 Christian Früchtl GK 1 0 (0) 2021-2022
17%
264 Ciriaco Sforza CM 50 1 (7) 2000-2002
17%
243 Delron Buckley LW 62 1 (5) 2005-2006, 2007-2009
17%
406 Demarai Gray LW 12 1 (2) 2020-2021
17%
295 Diego Klimowicz ST 38 6 (3) 2007-2009
17%
486 Frans Krätzig LB 5 0 (0) 2023-2024
17%
320 Fredi Bobic ST 32 10 (2) 2000-2002
17%
528 Hüzeyfe Doğan AM 2 0 (0) 2002-2003
17%
467 Jeanuël Belocian CB 7 0 (0) 2024-2025
17%
356 Jeremy Toljan RB 22 1 (2) 2017-2018
17%
477 Leonardo Bittencourt CM 6 1 (1) 2012-2013
17%
490 Lovro Zvonarek AM 5 1 (0) 2023-2024
17%
527 Lukas Raeder GK 2 0 (1) 2013-2014
17%
473 Malik Tillman AM 6 0 (0) 2021-2022
17%
587 Marco Pašalić RW 1 0 (0) 2022-2023
17%
353 Marc Ziegler GK 23 0 (0) 2007-2010
17%
309 Markus Feulner CM 34 1 (2) 2001-2003, 2009-2011
17%
376 Martin Terrier LW 19 2 (2) 2024-2025
17%
396 Michy Batshuayi ST 14 9 (1) 2017-2018
17%
360 Mitchell Langerak GK 22 0 (0) 2010-2015
17%
245 Moritz Leitner CM 61 0 (6) 2011-2012, 2015-2016
17%
254 Otto Addo AM 57 10 (12) 2000-2005
17%
370 Pablo Thiam DM 20 0 (2) 2001-2003
17%
240 Patrick Helmes ST 63 32 (6) 2008-2011
17%
452 Paul Wanner AM 8 0 (0) 2021-2023
17%
226 Philipp Degen RB 68 1 (7) 2005-2008
17%
256 Pirmin Schwegler DM 56 0 (3) 2006-2009
17%
286 Roque Júnior CB 42 1 (1) 2004-2007
17%
188 Sergej Barbarez CF 83 17 (14) 2006-2008
17%
73 Stefan Reinartz DM 176 12 (12) 2009-2015
17%
127 Stefan Reuter RM 123 0 (5) 2000-2004
17%
416 Stefan Wessels GK 11 0 (0) 2000-2003
17%
260 Tamás Hajnal AM 53 7 (13) 2008-2010
17%
455 Thomas Strunz DM 7 0 (0) 2000-2001
17%
176 Thorsten Fink DM 87 3 (3) 2000-2004
17%
463 Tom Rothe LM 7 1 (1) 2021-2023
17%
418 Vahid Hashemian ST 11 0 (0) 2004-2005
17%
523 Adam Aznou LB 3 0 (0) 2024-2025
13%
151 Ahmed Madouni CB 104 6 (2) 2001-2007
13%
367 Antonio Rukavina RB 20 0 (1) 2007-2009
13%
142 Boris Zivkovic RB 114 4 (5) 2000-2003
13%
447 Chris Löwe LB 8 0 (0) 2011-2012
13%
434 Constant Djakpa LB 9 0 (1) 2008-2009
13%
144 Daniel Schwaab CB 111 0 (4) 2009-2013
13%
97 Diego Placente LB 152 3 (8) 2000-2005
13%
421 Dimitar Rangelov ST 11 1 (0) 2009-2011
13%
316 Giovanni Federico AM 33 4 (8) 2007-2009
13%
303 Guy Demel RB 35 0 (3) 2002-2005
13%
132 Hanno Balitsch DM 119 6 (2) 2002-2004, 2010-2012
13%
328 Heiko Herrlich ST 30 8 (0) 2000-2003
13%
589 Immanuel Pherai AM 1 0 (0) 2021-2022
13%
248 Jacek Krzynowek LM 60 12 (13) 2004-2006
13%
263 Jan-Ingwer Callsen-Bracker CB 51 3 (0) 2002-2008
13%
250 Jens Hegeler CM 59 5 (3) 2007-2008, 2012-2014
13%
203 Jörg Heinrich LB 77 8 (10) 2000-2003
13%
531 Julian Green CM 2 0 (0) 2013-2014, 2015-2016
13%
557 Koray Günter CB 1 0 (0) 2013-2014
13%
483 Lennart Grill GK 5 0 (0) 2020-2022
13%
159 Marc-André Kruska CM 98 2 (4) 2004-2009
13%
530 Marco Friedl CB 2 0 (0) 2017-2018
13%
359 Marin Pongracic CB 22 0 (0) 2021-2022
13%
471 Mario Hermoso CB 6 0 (0) 2024-2025
13%
75 Marko Babic LM 173 19 (24) 2000-2007
13%
182 Markus Brzenska CB 86 6 (0) 2003-2008
13%
306 Martin Amedick CB 34 2 (1) 2006-2008
13%
572 Niklas Dorsch DM 1 1 (0) 2017-2018
13%
112 Paul Freier RM 137 18 (28) 2004-2008
13%
242 Philipp Wollscheid CB 62 3 (0) 2012-2014
13%
558 Santiago Arias RB 1 0 (0) 2020-2021
13%
437 Torben Hoffmann CB 9 0 (0) 2000-2001
13%
382 Vladlen Yurchenko AM 17 2 (0) 2014-2017
13%
534 Woo-yeong Jeong AM 2 0 (0) 2018-2019
13%
577 Alexander Bade GK 1 0 (0) 2007-2008
10%
514 Assimiou Touré CB 3 0 (0) 2006-2007, 2009-2010
10%
603 Bálint Bajner ST 1 0 (0) 2012-2013
10%
409 Bastian Oczipka LB 12 0 (0) 2011-2012
10%
488 Cole Campbell RW 5 0 (0) 2024-2025
10%
474 Damien Le Tallec DM 6 0 (0) 2009-2011
10%
185 França ST 84 26 (16) 2002-2005
10%
363 Hajime Hosogai DM 21 0 (0) 2012-2013
10%
405 Isaac Kiese Thelin ST 12 1 (1) 2018-2019
10%
502 Jeremy Dudziak LB 3 0 (1) 2014-2015
10%
454 Jermaine Jones DM 7 0 (1) 2004-2005
10%
564 Joe Gyau LW 1 0 (0) 2014-2015
10%
561 Konstantinos Stafylidis LB 1 0 (0) 2013-2014
10%
460 Marco Stiepermann AM 7 1 (0) 2009-2011
10%
542 Meritan Shabani AM 2 0 (0) 2017-2019
10%
571 Milos Pantovic AM 1 0 (0) 2015-2016
10%
465 Niklas Lomb GK 7 0 (0) 2012-2013, 2020-2021, 2023-2024
10%
369 Nordi Mukiele RB 20 2 (1) 2024-2025
10%
314 Paulo Rink ST 34 6 (6) 2000-2002
10%
271 Sascha Dum LM 47 0 (2) 2004-2005, 2007-2009
10%
512 Serdar Taşçı CB 3 0 (0) 2015-2016
10%
537 Stefan Maierhofer ST 2 0 (0) 2006-2007
10%
368 Steffen Tigges ST 20 3 (0) 2020-2022
10%
233 Sunday Oliseh DM 64 1 (1) 2000-2002, 2004-2005
10%
478 Uwe Hünemeier CB 5 0 (0) 2005-2006, 2008-2010
10%
444 Vedran Corluka CB 8 0 (2) 2011-2012
10%
563 Ylli Sallahi LB 1 0 (0) 2013-2014
10%
508 Zvjezdan Misimovic AM 3 0 (0) 2002-2004
10%
380 Adam Matysek GK 18 0 (0) 2000-2001
7%
489 Almugera Kabar LB 5 0 (0) 2024-2025
7%
357 Andreas Görlitz RB 22 0 (0) 2004-2005, 2006-2007
7%
344 André Ramalho CB 25 0 (0) 2015-2016, 2017-2018
7%
392 Ansgar Knauff RW 15 1 (1) 2020-2022
7%
469 Antonio Di Salvo ST 6 0 (0) 2000-2001
7%
524 Artem Stepanov ST 2 0 (0) 2024-2025
7%
305 Athirson LB 35 2 (7) 2005-2007
7%
515 Ayman Azhil DM 3 0 (0) 2022-2023, 2024-2025
7%
494 Bajram Sadrijaj ST 4 0 (0) 2008-2009
7%
365 Christian Nerlinger DM 20 1 (1) 2000-2001
7%
440 Daniel Gordon CB 8 0 (0) 2006-2008
7%
590 David Yelldell GK 1 0 (0) 2015-2016
7%
425 Dennis Gentenaar GK 10 0 (0) 2005-2006
7%
374 Dmitriy Bulykin ST 19 5 (2) 2007-2009
7%
532 Dzenis Burnic RM 2 0 (0) 2016-2017
7%
402 Emiliano Buendía AM 13 2 (0) 2024-2025
7%
345 Guillaume Warmuz GK 25 0 (0) 2003-2005
7%
259 Hans Sarpei LB 54 0 (3) 2007-2010
7%
338 Henrique CB 27 0 (1) 2008-2009
7%
430 Ibrahim Tanko CF 9 0 (0) 2000-2001
7%
597 Iker Bravo ST 1 0 (0) 2021-2022
7%
321 Jan Derek Sørensen RW 32 1 (0) 2000-2002
7%
594 Justin Njinmah RW 1 0 (0) 2022-2023
7%
198 Karim Haggui CB 79 5 (2) 2006-2009
7%
498 Kjell Wätjen CM 4 0 (1) 2023-2025
7%
544 Lennard Maloney DM 2 0 (0) 2021-2022
7%
386 Levin Öztunali LW 16 0 (0) 2013-2015
7%
591 Lion Semic RB 1 0 (0) 2021-2022
7%
595 Lucas Copado RW 1 0 (0) 2021-2022
7%
566 Lukas Görtler RM 1 0 (0) 2014-2015
7%
517 Marcel Risse RM 3 0 (0) 2007-2008
7%
414 Marlon Frey DM 11 0 (0) 2015-2016
7%
468 Marvin Ducksch ST 6 0 (0) 2013-2014
7%
383 Matthew Amoah ST 17 0 (0) 2005-2007
7%
417 Michael Wiesinger RM 11 0 (2) 2000-2001
7%
255 Miroslav Stevic DM 57 7 (8) 2000-2002
7%
576 Mitsuru Maruoka CM 1 0 (0) 2014-2015
7%
373 Nicolai Jørgensen ST 19 0 (2) 2010-2012
7%
475 Noah Mbamba CM 6 0 (2) 2022-2024
7%
381 Pascal Zuberbühler GK 18 0 (0) 2000-2001
7%
607 Rico Strieder DM 1 0 (0) 2014-2015
7%
553 Samuel Bamba RW 2 0 (0) 2023-2024
7%
565 Sinan Kurt LW 1 0 (0) 2014-2015
7%
599 Thanos Petsos DM 1 0 (0) 2009-2010
7%
377 Thomas Kleine CB 18 0 (0) 2001-2003
7%
586 Tobias Raschl CM 1 0 (0) 2019-2020
7%
554 Tobias Steffen LW 2 0 (0) 2012-2013
7%
429 Victor Ikpeba ST 9 1 (1) 2000-2001
7%
518 Yannik Lührs CB 3 0 (0) 2024-2025
7%
522 Zidan Sertdemir CM 3 0 (0) 2021-2022
7%
395 Alfred Nijhuis CB 14 0 (0) 2000-2001
3%
325 André Bergdölmo CB 31 0 (0) 2003-2005
3%
596 Ayman Aourir AM 1 0 (0) 2023-2024
3%
568 Berkant Göktan ST 1 0 (0) 2000-2001
3%
593 Bright Arrey-Mbi CB 1 0 (0) 2020-2021
3%
451 Burak Kaplan AM 8 2 (2) 2009-2011
3%
510 Christopher Nöthe ST 3 0 (0) 2007-2008
3%
549 Christopher Scott AM 2 0 (0) 2020-2021
3%
472 Cris CB 6 0 (1) 2002-2003
3%
178 Daniel Bierofka LM 87 12 (4) 2002-2005
3%
560 Dario Kresic GK 1 0 (0) 2015-2016
3%
439 Dr. Philipp Laux GK 8 0 (0) 2000-2002
3%
501 Emmanuel Krontiris ST 3 0 (1) 2000-2001
3%
394 Flávio Conceição CM 15 1 (0) 2003-2004
3%
438 Frank Juric GK 9 0 (0) 2000-2001, 2002-2003
3%
598 Hendry Blank CB 1 0 (0) 2023-2024
3%
509 Ingo Hertzsch CB 3 0 (0) 2003-2004
3%
319 Jan Simak AM 33 3 (2) 2002-2003
3%
555 Jonah Kusi-Asare ST 1 0 (0) 2024-2025
3%
372 Jörg Reeb DM 20 0 (1) 2000-2001
3%
575 Josip Tadic ST 1 0 (0) 2005-2006
3%
244 Jurica Vranjes DM 62 0 (2) 2000-2003
3%
415 Kosi Saka CB 11 0 (1) 2005-2007
3%
400 Léandro LM 13 2 (0) 2002-2004
3%
548 Leon Dajaku CF 2 0 (0) 2019-2020
3%
580 Louis Ngwat-Mahop ST 1 0 (0) 2006-2007
3%
277 Lukas Sinkiewicz DM 45 2 (0) 2007-2010
3%
484 Marcel Höttecke GK 5 0 (0) 2007-2008
3%
481 Marcus Steegmann ST 5 0 (0) 2004-2006
3%
487 Markus Daun ST 5 0 (0) 2000-2002
3%
526 Mehmet Akgün CM 2 0 (0) 2004-2005, 2007-2008
3%
364 Michal Papadopulos ST 21 1 (0) 2005-2008
3%
535 Nizamettin Çalışkan DM 2 0 (0) 2005-2006
3%
545 Ole Pohlmann AM 2 0 (0) 2023-2024
3%
569 Patrick Kohlmann LB 1 0 (0) 2004-2005
3%
235 Robson Ponté AM 64 4 (19) 2000-2001, 2003-2005
3%
340 Sahr Senesie ST 26 1 (0) 2003-2004, 2007-2008
3%
270 Salvatore Gambino CF 47 5 (4) 2003-2006
3%
608 Samed Yesil ST 1 0 (0) 2011-2012
3%
479 Sead Kapetanovic RM 5 0 (0) 2000-2001
3%
456 Sebastian Schoof ST 7 2 (0) 2002-2003
3%
459 Sebastian Tyrala CM 7 0 (0) 2006-2008
3%
533 Seung-woo Ryu AM 2 0 (0) 2013-2014
3%
584 Stephan Fürstner DM 1 0 (0) 2006-2007
3%
407 Tomasz Zdebel DM 12 0 (0) 2008-2010
3%
318 Vratislav Gresko LB 33 1 (6) 2000-2001, 2007-2008
3%
267 Zoltan Sebescen RB 48 5 (7) 2001-2003
3%
543 Adrian Stanilewicz DM 2 0 (0) 2018-2020
0%
424 Andreas Neuendorf CM 10 0 (0) 2000-2001
0%
519 Anel Dzaka AM 3 0 (0) 2000-2003
0%
507 Carlinhos AM 3 0 (1) 2012-2013
0%
550 Cem Türkmen CM 2 0 (0) 2020-2021
0%
581 Christian Eggert DM 1 0 (0) 2007-2008
0%
458 Christopher Kullmann ST 7 0 (0) 2008-2009
0%
464 Christoph Preuß DM 7 0 (0) 2002-2003
0%
426 Danko Lazovic CF 10 0 (1) 2005-2006
0%
496 Emrehan Gedikli ST 4 0 (0) 2020-2021
0%
446 Fabian Giefer GK 8 0 (0) 2009-2012
0%
573 Florian Thorwart CB 1 0 (0) 2002-2003
0%
525 Francis Bugri AM 2 0 (0) 2001-2002
0%
606 Francis Onyeka AM 1 0 (0) 2024-2025
0%
497 Frankie Hejduk RB 4 0 (0) 2000-2001
0%
315 Fredrik Stenman CB 33 0 (2) 2005-2007
0%
570 Ioannis Masmanidis AM 1 0 (0) 2003-2004
0%
583 Jakub Bednarczyk RB 1 0 (0) 2018-2019
0%
556 Jonas Meffert DM 1 0 (0) 2012-2013
0%
600 Julian Riedel CB 1 1 (0) 2012-2013
0%
605 Ken Izekor ST 1 0 (0) 2023-2024
0%
602 Kolja Pusch AM 1 0 (0) 2012-2013
0%
604 Matteo Pérez Vinlöf LB 1 0 (0) 2023-2024
0%
562 Maximilian Wagener CM 1 0 (0) 2013-2014
0%
453 Michael Ortega AM 7 0 (0) 2011-2012
0%
578 Nico Hillenbrand DM 1 0 (0) 2007-2008
0%
499 Okan Aydın AM 3 0 (0) 2012-2013
0%
275 Pascal Ojigwe DM 46 0 (1) 2000-2003
0%
567 Pascal Stenzel RB 1 0 (0) 2015-2016
0%
536 Patrick Njambe CB 2 0 (0) 2007-2008
0%
385 Radoslaw Kaluzny DM 16 0 (0) 2002-2005
0%
511 Ricardo Faty DM 3 0 (0) 2007-2008
0%
495 Richard Sukuta-Pasu ST 4 0 (0) 2008-2009
0%
592 Samed Onur CM 1 0 (0) 2020-2021
0%
538 Sam Schreck CM 2 0 (0) 2018-2019
0%
466 Sezer Öztürk AM 7 0 (0) 2004-2005
0%
420 Teddy Lucic CB 11 0 (0) 2003-2004
0%
585 Thorsten Kirschbaum GK 1 0 (0) 2018-2019
0%
559 Thorsten Wittek AM 1 0 (0) 2001-2002
0%
579 Yasin Öztekin ST 1 0 (0) 2008-2009
0%
No matching quizzes found
Score Distribution
Percent of People with Each Score
Percentile by Number Answered
Your Score History
You have not taken this quiz